000 00405nam a22001697a 4500
005 20160524150258.0
008 160524b xxu||||| |||| 00| 0 eng d
020 _a0-415-22455-1
041 _aeng
082 _b4672
100 _aWang, Reijie
_91161
245 _aFinancial Aconometrics
260 _aNew Delhi
_bAcademic Faundation
_c2003
300 _a171
650 _aManagement
_9241
942 _cBK
999 _c1578
_d1577